| 000 | 00498pab a2200169 454500 | ||
|---|---|---|---|
| 008 | 180718b2004 xxu||||| |||| 00| 0 eng d | ||
| 100 | _aJoshi, P.C. | ||
| 245 | _aChild of the Himalayas: Jawaharlal Nehru on Uttrakhand | ||
| 260 | _c2004 | ||
| 300 | _ap.1732-740. | ||
| 362 | _a24 Apr | ||
| 650 | _aNehru, Jawaharlal | ||
| 650 | _aEconomic and social development - India - Uttarakhand | ||
| 650 | _aEconomic and social development | ||
| 773 | _aEconomic and Political Weekly | ||
| 909 | _a60946 | ||
| 999 |
_c60946 _d60946 |
||